Prírodné katastrofy a ich vplyv na ekonomiku krajiny bakalárska práca

Salvato in:
Dettagli Bibliografici
Autore principale: Farkašová, Dominika
Ente Autore: Fakulta medzinárodných vzťahov EU. Katedra medzinárodných ekonomických vzťahov a hospodárskej diplomacie
Altri autori: Puškárová, Paula, 1985-
Natura: Libro
Lingua:slovacco
Pubblicazione: Bratislava 2011
Tags: Aggiungi Tag
Nessun Tag, puoi essere il primo ad aggiungerne!!

MARC

LEADER 00000nbm a2200000 4500
001 0131163
005 20161109111412.5
041 0 |a slo 
044 |a SK 
245 1 0 |a Prírodné katastrofy a ich vplyv na ekonomiku krajiny  |b bakalárska práca  |c Dominika Farkašová ; školiteľ: Paula Puškárová 
264 1 |a Bratislava  |c 2011 
300 |a 47 s. 
100 1 |a Farkašová, Dominika 
700 1 |a Puškárová, Paula, 1985- 
710 2 |a Fakulta medzinárodných vzťahov EU. Katedra medzinárodných ekonomických vzťahov a hospodárskej diplomacie